Dinosaurios: (Registro nro. 30685)

Detalles MARC
000 -LEADER
fixed length control field 00474nam a22001457a 4500
008 - FIXED-LENGTH DATA ELEMENTS--GENERAL INFORMATION
fixed length control field 240220b |||||||| |||| 00| 0 eng d
020 ## - INTERNATIONAL STANDARD BOOK NUMBER
International Standard Book Number 9789583064982
082 ## - DEWEY DECIMAL CLASSIFICATION NUMBER
Classification number 567.91
Item number C17d
100 ## - MAIN ENTRY--PERSONAL NAME
Personal name Cardozo Tovar, Cesar Alberto
Relator term autor
9 (RLIN) 43483
245 ## - TITLE STATEMENT
Title Dinosaurios:
Remainder of title Los últimos gigantes /
Statement of responsibility, etc. Cesar Alberto Cardozo Tovar
250 ## - EDITION STATEMENT
Edition statement Segunda edición
260 ## - PUBLICATION, DISTRIBUTION, ETC.
Place of publication, distribution, etc. Bogotá:
Name of publisher, distributor, etc. Panamericana,
Date of publication, distribution, etc. 2022
300 ## - PHYSICAL DESCRIPTION
Extent 88 páginas:
Other physical details Ilustraciones a color,
Dimensions 24 cm.
942 ## - ADDED ENTRY ELEMENTS (KOHA)
Source of classification or shelving scheme Dewey Decimal Classification
Existencias
Withdrawn status Lost status Source of classification or shelving scheme Damaged status Not for loan Home library Current library Date acquired Total Checkouts Full call number Barcode Date last seen Date last checked out Copy number Price effective from Koha item type Public note
    Dewey Decimal Classification     Biblored Biblioteca Pública José María del Castillo y Rada 02/16/2024 2 567.91 C17d 00000014155040 04/25/2024 04/25/2024 Ej. 1 02/20/2024 Books Material interbibliotecario Bibliored